000 00726nam a2200205 a 4500
999 _c727
_d727
003 BD-JhCC
005 20171009132723.0
008 171009s1376 bg a|||| ||a| 00| 0 eng d
035 _a(BD-JhCC)
040 _aBD-JhCC
_dBD-JhCC
041 _aben
082 _a954.9205
_bDAS 1376
100 _aদস্তিদার, পূর্ণেন্দু
245 _aস্বাধীনতা সংগ্রামে চট্টগ্রাম /
_cপূর্ণেন্দু দস্তিদার,
260 _aচট্টগ্রাম:
_bবইঘর প্রকাশনা;
_c1376
300 _a300 p.;
_c22cm.
650 _aLiberation War, 1971
_xHistory
_zBangladesh
942 _2ddc
_cBK